000 00595nam a2200181Ia 4500
001 7669
005 20260306160512.0
008 260306t2013||||xx |||||||||||||| ||spa||
041 _aESP
082 _a353.88284
_bC265 T. 12
100 _aConsejo de Evaluación, Acreditación y Certificación de la Calidad de Educación Superior Universitaria
_eAUT
245 0 _aEstandares de calidad para la acreditación de las carreras profesionales universitarias de arquitectura
260 _c2013
300 _a134 páginas :
_c30 cm.
650 _aGEN
654 _aCAN
942 _cLIB
_dJUS
_fJUS
_2ddc
_n
999 _c7669
_d7669